01288nib a2200301ua 4500001001000000003000400010005001700014008004100031040001300072041000800085043001200093090001700105100002100122245009800143260004700241300004500288340001100333490002900344500011100373600012800484650009500612650003200707650005800739650002400797942001500821999001700836952013300853000083460OSt20230915173621.0170809s1987 ck 073 e | z|spa d cCO-MqBPB aspa as-ck--- a860.29bG82c1 aGuerrero, Arturo10aLa poesía en Cien años de soledad (Conferencia) :b[disco sonoro] /cpor Arturo Guerrero. aBogotá :bCasa de Poesía Silva,c1987. a1 disco compacto :bsonidoe(73 minutos) aCD-ROM 0aVoces para el tiempov29 aCien años de soledad (1967-1987). Conferencia la poesía en cien años de soledad,a26 de Mayo de 198714aGarcía Márquez, Gabrield1927-2014tCien años de soledadvCongresos, conferencias, etc.xCrítica e interpretación14aPoesía colombianavCongresos, conferencias, etc.xCrítica e interpretaciónySiglo XX14aNovela colombianaySiglo XX14aLiteratura colombianaxHistoria y críticaySiglo XX14aAutores colombianos 2ddccCDROM c11330d11330 00102ddc40708MULaBPMOSbBPMOSd2020-01-20iNTl0o860.29 G82cpMOS018942r2021-01-05tEj. 1w2020-01-20yCDROMzTres días